000
00325nam a22001457a 4500
008
230906b ||||| |||| 00| 0 eng d
020
_a
0521207207
041
_a
eng
080
_a
101
082
_a
101BLA
100
_a
44
101
_a
FILOZ
245
_a
MEANING REFERENCE AND NECESSITY
_c
BLACKBURN .S
942
_2
udc
_c
BK
999
_c
60252
_d
60252